Statistics for Throne of Glass Ultimate Quiz (Spoilers!)

Click here to take the quiz!

General Stats

  • This quiz has been taken 217 times
  • The average score is 62 of 164

Answer Stats

HintAnswer% Correct
Main characterAelin Ashryver Galathynius
95%
Crown Prince of AdarlanDorian Havilliard
95%
Main character's cousinAedion Ashryver
92%
Main character's dogFleetfoot
92%
Princess of EyllweNehemia Ytger
86%
King of the AssassinsArobynn Hamel
81%
Captain of the GuardChaol Westfall
78%
Ruler of AdarlanKing of Adarlan
78%
Shapeshifter, courtesanLysandra
78%
Tortured to death by the Crime LordSam Cortland
78%
The Dark LordErawan
77%
Blackbeak heirManon Blackbeak
77%
Fae Queen, Dark QueenQueen Maeve
77%
Main character's fatherRhoe Galathynius
76%
Sun and Fire GoddessMala
75%
Main character"s motherEvalin Ashryver
74%
Younger Havilliard brotherHollin Havilliard
73%
Half Fae first Queen of AdarlanElena Galathynius Havilliard
72%
Blackbeak heir's SecondAsterin Blackbeak
71%
Fae Prince who trained main character in magicPrince Rowan Whitethorn
71%
Youngest and fairest of the three Fae sistersMab
70%
First King of AdarlanGavin Havilliard
69%
First female Captain of the GuardNesryn Faliq
69%
^Her wyvernAbraxos
68%
First King of TerrasenBrannon Galathynius
68%
^His daughter, taken to MorathElide Lochan
67%
Fae male, part of the cadre,animal form is a mountain lionGavriel
67%
Fae male, part of the cadre, heavily builtLorcan
67%
The Pirate LordCaptain Rolfe
66%
Has an opium addiction, complains of headaches, goes to MorathKaltain Rompier
66%
Young thief from PerranthNox Owen
65%
Assassin from the flatlands, wine-red hairAnsel
64%
Badly scarred 11 year oldEvangeline
64%
Heir to the Lord of AllsbrookRen Allsbrook
64%
Summoned the ridderakCain
63%
Bronze door knockerMort
60%
Blackbeak heir's ThirdSorrel
60%
Worker at the White Pig Inn, dreams of being a healerYrene Towers
58%
Crown Prince of Adarlan's motherQueen Georgina Havilliard
57%
Cousin of Crown Prince of AdarlanLord Roland Havilliard
56%
Sold flowers in the market in Doranelle, murdered in her mountain home while pregnantLyria
55%
Good-looking member of the rebel group, courtesanArcher Finn
54%
Yellowlegs Matron, killed by main characterBaba Yellowlegs
53%
Goddess of the Hunt and Maidens,keeper of the Moon and eternal rival and sister to the Sun GoddessDeanna
52%
Sacrificed herself so the main character could escape and liveLady Marion
52%
King of Adarlan's most trusted advisorDuke Perrington
51%
^His sonIlias
51%
City where the King of Adarlan's castle isRifthold
51%
King of the Assassins' bodyguardWesley
51%
God of Bloody DeathsHellas
50%
Blueblood heirPetrah
50%
Goddess of Healing and HealersSilba
50%
Onr of the Thirteen, red-hairedVesta
50%
Yellowlegs heirIskra
49%
Most cunning of the three Fae sistersMora
49%
Young demi-Fae who works in the kitchen at MistwardLuca
48%
Assassin responsible for the Princess of Eyllwe's deathGrave
47%
Older demi-Fae who works in the kitchen at MistwardEmrys
46%
Deseased King of TerrasenKing Orlon Galathynius
46%
Lady of Wise ThingsAnneith
44%
Madam of most of the courtesansClarisse
44%
Other of the green-eyed demon twinsFallon
44%
Other of the two ShadowsBriar
43%
One of the Thirteen, went to human schoolGhislaine
43%
King of Adarlan's castleGlass Castle
42%
Fae male, part of the cadre, animal form is an offspreyVaughan
42%
Lord of PerranthVernon Lochan
42%
^Her wyvernKeelie
41%
^His younger brotherTerrin Westfall
41%
One of the green-eyed demon twinsFaline
40%
Crown Prince of WendlynGalan Ashryver
40%
One of the handsomer guardsRess
40%
Ever-smiling assassinBen
39%
Place where King of the Assassins sent the main character as punishmentRed Desert
39%
One of the Thirteen, not effected by ValgImogen
38%
Healer in the castle, spy for Terrasen rebelsSorcha
38%
One of the two ShadowsEdda
37%
King of the Assassins' lackeyTern
36%
Stone that the King of Adarlan's rings and clocktower are made ofWyrdstone
36%
One of the Thirteen, effected by ValgThea
35%
Considered one of the best wyvern bullsTitus
35%
One of the Thirteen, also effected by ValgKaya
34%
^Husband of the aboveLord Cal
33%
Leader of the Silent AssassinsMute Master
33%
Weapons MasterTheodus Brullo
33%
Well-known dance teacherMadam Florine
30%
Beautiful singerRena Goldsmith
30%
River that main character fell in ten years agoFlorine
29%
Older demi-Fae who works as a senrty at MistwardMalakai
29%
Goddess of Wild ThingsTemis
29%
Old Eyllwe man captured as slave in the Dead IslandsDia
28%
^Her nurseFinnula
27%
Assassin that followed King of the Assassins to the VaultsHarding
27%
Fallback sentryLinnea
27%
Matron of the Blackbeak Witch ClanMother Blackbeak
27%
Deseased favorite mistress of the King of the AssassinsMrs. Cortland
27%
Guards King of the Assassins in the VaultsMullin
27%
Main character's personal servantPhilippa Spindlehead
27%
Crime LordRouke Farran
27%
River that runs through RiftholdAvery
26%
Lord of SuriaSol
26%
Senior healer in the castleAmithy
25%
Original Crime LordIoan Jayne
25%
Beloved of the Dark QueenAthril
24%
Asterion mare main character stoleKasida
23%
Assassin with a scar on his cheek, from a dagger thrown by the main characterGregori
22%
Was betrayed and killed by the girl he lovedMikhail
22%
Owner of the White Pig InnNolan
22%
Other White Pig Inn barmaidJessa
21%
Place where the main character starts to feel something for the tortured assassinSkull's Bay
21%
What the main character tricked a Fae warrior into killingWyrdhound
21%
Senrty who betrayed the demi-Fae and led the enemy right into MistwardBas
20%
The Eye EaterBill Chastain
20%
Lord of the GodsLumas
20%
Lord of Suria's brotherRavi
20%
Mercenary competitorRenault
20%
^His grandfather, part of rebel groupMurtagh Allsbrook
19%
Place the main character met the red-haired assassinSilent Assassins
18%
Brought armada to the Dead Islands and WendlynGeneral Narrok
17%
Called himself Master Thief of MelisandeXavier Forul
17%
Goddess of DreamsLani
16%
Called himself High King of the WastesLord Loch
16%
Former lover of the Fae PrinceRemelle
16%
Loud-mouthed assassinVerin
16%
^Her wyvernFendir
15%
The ScytheNed Clement
15%
Deseased King of Terrasen's Captain of the GuardQuinn
15%
Had his office broken into during a masked ballDavis
14%
Blonde woman clad in lavendar, pointed out by Queen of AdarlanElise
13%
Lord of XandriaLord Berick
13%
Deseased conductor at royal theaterPytor
13%
Expelled soldier killed for trying to escapeSven
13%
Powerful businessman from MelisandeBenzo Doneval
12%
Short bald pirate CaptainCaptain Fairview
12%
Former Queen of MelisandeLeighfer Bardingale
12%
Makes best pear tartsSayed Faliq
12%
Rebel leaderSen
12%
Animal form is a pigSten
12%
Captured Valg commander from MelisandeStevan
12%
Level of the castle the main character stayed inStone Castle
12%
One-eyed hulking pirate CaptainCaptain Blackgold
11%
One of Arobynn's investors, turned Valg and taken to MorathCormac
11%
Was responsible for handling the Eyllwe PrincessMinister Mullison
11%
Volunteered her coven for Valg experimentation, YellowlegsNinya
11%
Enquired after 'Lillian"Otho
11%
Older guard, possesses near-legendary patienceDannan
9%
Part of dance troupe, absent from preformanceGillyan
9%
One of his^ menHen
9%
Singer's daughterKaleen Goldsmith
9%
Singer's sisterLiessa
9%
King Champions's assassination asignmentLord Nirall
9%
^Housekeeper's wife, healer/midwifeMarta
9%
Commander of the 24th legion in NollCommander Jensen
8%
Singer's neighboursJon and Estrel
8%
Laundress at Morath, poisoned by Lady of PerranthMisty
8%
Royal librarianSensel
8%
Hired hansome cab driverKellan Oppel
7%
Sponsored RenaultCounsiler Garnel
6%
His kindness made the main character spare his lifeSir Carlin
6%
The place the main character went to kill her first assassination assignmentBellhaven
5%
City where the main character is originally fromOrnyth
5%
Place the King of the Assassins calls his homeThe Assassins Keep
4%
Place where the main character goes on her way to the place where she was sent as punishmentWhite Pig Inn
4%
House where the main character was capturedFarran's house
2%

Score Distribution

Percentile by Number Answered

Percent of People with Each Score

Your Score History

You have not taken this quiz